Методики испытаний сваренных взрывом композиционных материалов: учебное пособие

Opis bibliograficzny
1. autor: Кузьмин В. И. Владимир Иванович
Korporacja: Волгоградский государственный технический университет
Kolejni autorzy: Кузьмин С. В. Сергей Викторович, Пеев А. П. Александр Петрович
Streszczenie:Приведены стандартные методики проведения механических испытаний и оригинальные методики проведения метачлографических и электрофизических исследований, применяемые для оценки свойств и диагностики сваренных взрывом композиционных материалов. Предназначено для обучения бакалавров и магистрантов по направлению 150700 "Машиностроение", изучающих дисциплины "Современные методы исследования и диагностики сварных соединений", "Свойства и области применения сваренных взрывом соединений" и "Контроль качества сваренных взрывом соединений".
Język:rosyjski
Wydane: Волгоград, Изд-во ВолгГТУ, 2011
Hasła przedmiotowe:
Format: MixedMaterials Książka
KOHA link:https://koha.lib.tpu.ru/cgi-bin/koha/opac-detail.pl?biblionumber=211505

MARC

LEADER 00000nam0a2200000 4500
001 211505
005 20231101225702.0
010 |a 9785994807132 
035 |a (RuTPU)RU\TPU\book\231051 
090 |a 211505 
100 |a 20120314d2011 m y0rusy50 ca 
101 0 |a rus 
102 |a RU 
105 |a a j 001zy 
200 1 |a Методики испытаний сваренных взрывом композиционных материалов  |e учебное пособие  |f В. И. Кузьмин, С. В. Кузьмин, А. П. Пеев  |g Волгоградский государственный технический университет 
210 |a Волгоград  |c Изд-во ВолгГТУ  |d 2011 
215 |a 67 с.  |c ил. 
320 |a Библиогр.: с. 65. 
330 |a Приведены стандартные методики проведения механических испытаний и оригинальные методики проведения метачлографических и электрофизических исследований, применяемые для оценки свойств и диагностики сваренных взрывом композиционных материалов. Предназначено для обучения бакалавров и магистрантов по направлению 150700 "Машиностроение", изучающих дисциплины "Современные методы исследования и диагностики сварных соединений", "Свойства и области применения сваренных взрывом соединений" и "Контроль качества сваренных взрывом соединений". 
606 1 |a Сварные соединения  |x Механические свойства  |x Испытание  |2 stltpush  |3 (RuTPU)RU\TPU\subj\53983  |9 72147 
610 1 |a сварка взрывом 
610 1 |a визуально-измерительный контроль 
610 1 |a ультразвуковой контроль 
610 1 |a композиционные материалы 
610 1 |a контрольные образцы 
610 1 |a слои 
610 1 |a отрыв 
610 1 |a срез 
610 1 |a изгиб 
610 1 |a сплющивание 
610 1 |a микротвердость 
610 1 |a микронеоднородности 
610 1 |a исследование 
610 1 |a металлографические исследования 
610 1 |a сваренные взрывом композиты 
610 1 |a электрофизические свойства 
610 1 |a учебные пособия 
675 |a 621.791.1(075.8)  |v 3 
700 1 |a Кузьмин  |b В. И.  |g Владимир Иванович 
701 1 |a Кузьмин  |b С. В.  |g Сергей Викторович 
701 1 |a Пеев  |b А. П.  |g Александр Петрович 
712 0 2 |a Волгоградский государственный технический университет  |2 stltpush  |3 (RuTPU)RU\TPU\col\8083  |9 24467 
801 1 |a RU  |b 63413507  |c 20120314 
801 2 |a RU  |b 63413507  |c 20150616  |g RCR 
942 |c BK 
959 |a 41/20120314  |d 2  |e 0,00  |f ЧЗТЛ:1  |f АНЛ:1